000 00865nam a22002417a 4500
999 _c8620
_d8620
003 AR-CdUCM
008 190325b ||||| |||| 00| 0 spa d
040 _aMUNICIPALIDAD PROVINCIAL DEL CUSCO
_cBIBLIOTECA MUNICIPAL DEL CUSCO
041 _heng
082 _a146 /
_bSE37
100 _aSelsam, Howard
_9694
245 _aRevolución en filosofía /
260 _aMéxico :
_bGrijalbo,
_c1967.
300 _a156 páginas ;
_c18 cm.
440 _aColección 70.
_n5
_924116
505 _aContenido: Filosofía y sociedad -- Una nueva concepción del mundo -- Materia y pensamiento -- Conocimiento, práctica y realidad -- Hacia una ética científica y materialista.
650 _aFilosofía marxista
_914324
650 _aMateria
_9883
650 _aPensamiento
_9461
700 _aMolina, Oscar L. (traducción)
_924117
942 _2ddc
_cLIBROS
945 _aachl